000 00719nam a2200205 i 4500
001 78629
003 ES-MaACL
005 20250927160129.0
007 t|
008 041015s1969 sp ||||1| spa d
100 1 _aHecke, Elisabeth van.
_962280
245 1 0 _aComo los lirios del campo
_b: el problema moral y pedagógico de la moda /
_cpor Elisabeth van Hecke ; [traducción de Juan Benelli Rubio ; revisada por Luis Ruiz Galiana].
260 _aMadrid :
_bCio,
_c1969.
300 _a87 p. ;
_c21 cm.
650 4 _aModa-
_xAspectos morales.
_9155428
700 1 _aBonelli Rubio, Juan María,
_d1904-1981
_930103
700 1 _aRuiz Galiana, Luis.
_9100810
852 _aES-MaACL
_jC-50525
999 _c78629
_d78629